000 00315 a2200145 4500
001 156167
040 _cEscola São Tomás de Aquino
100 _aCARRASCO, Walcyr
240 1 0 _aVida de droga
_lpor
245 1 0 _aVida de droga
300 _a170
362 0 _a2016
697 _a*LITERATURA JUVENIL
942 _cBK
999 _c156167
_d156167